ABC do direito do trabalho
| Autor principal: | |
|---|---|
| Formato: | eBook |
| Lenguaje: | portugués |
| Publicado: |
San Pablo:
LTR,
2021
|
| Materias: | |
| Acceso en línea: | Acceso restringido |
MARC
| LEADER | 00000nam a22000007a 4500 | ||
|---|---|---|---|
| 005 | 20220516205141.0 | ||
| 007 | cr|||| |||| | ||
| 008 | 220516s2021 br |||||s|||| 00||0 por d | ||
| 020 | |a 978-65-5883-092-4 | ||
| 035 | |a 36402 | ||
| 040 | |a vLex | ||
| 090 | |c 13339 |d 13339 | ||
| 100 | 1 | |a Maciel Dantas, Jos ̌Alberto | |
| 245 | 1 | 0 | |a ABC do direito do trabalho |h [Recurso electrn̤ico] / |c Jos ̌Alberto Maciel Dantas |
| 256 | |a Servicio en ln̕ea | ||
| 260 | |a San Pablo: |b LTR, |c 2021 | ||
| 300 | |a 1 recurso electrn̤ico | ||
| 500 | |a Este livro contm̌ todos os principais pontos do Direito do Trabalho, com abordagem prt̀ica, direta e objetiva. Comeȧndo com um breve resumo histr̤ico, entra em queste̳s prt̀icas de CTPS, sujeitos do contrato, responsabilidade de empresas, contratos individual, intermitente, temporr̀io e por prazo determinado, salr̀io, remuneraȯ̂, 13ð, FGTS, equiparaȯ̂ salarial, alteraȯ̂, suspensô e interrupȯ̂ do contrato, rescisô com e sem justa causa, dispensa discriminatr̤ia, estabilidade, aviso prv̌io, horas extras, trabalho noturno e em turnos, RSR, fřias normais e coletivas, home office, teletrabalho, instrumentos coletivos, direito de greve, lockout e outros interessantes temas. | ||
| 506 | 1 | |a Disponible solo en los productos indicados |d vLex Global |d vLex Global (Academic Edition, excluding Law Schools) |d vLex Global (U.S. Academic Edition, Law Schools) |d vLex Global (U.S. Academic Edition, excluding Law Schools) |d vLex Global (Academic Edition, Law Schools) | |
| 650 | 0 | 4 | |a Derecho Laboral y Seguridad Social |z Brasil |
| 740 | 0 | |a vLex Libros (Servicio en ln̕ea) | |
| 856 | 4 | 0 | |u https://app.vlex.com/#/sources/36402 |z Acceso restringido |
| 942 | |c BOOK | ||
| 999 | 0 | |a Labor law and social security | |


